000 00309 a2200145 4500
001 167290
020 _a
040 _cMagnum
100 _aNeves, Maria Helena de Moura
240 1 0 _aA gramatica funcional
_lpor
245 1 0 _aA gramatica funcional
362 0 _a1899
697 _aGRAMATICA
942 _cBK
999 _c167290
_d167290